000 00233nam a2200097Ia 4500
008 120527s9999 xx 000 0 und d
100 _aLEGTERS, H.Lyman
245 _aCritical Perspective on democracy
260 _bRowman
942 _cBK
999 _c25249
_d25249